Разрушение хрупкого покрытия и гололеда на металлической поверхности при механических колебаниях; Журнал технической физики; Т. 15, вып. 8

Chi tiết về thư mục
Parent link:Журнал технической физики/ Академия наук СССР (АН СССР).— , 1931-.— 0044-4642
Т. 15, вып. 8.— 1945.— С. 574-576
Tác giả chính: Воробьев А. А. Александр Акимович
Tác giả khác: Богданова Н. Б.
Ngôn ngữ:Tiếng Nga
Được phát hành: 1945
Những chủ đề:
Định dạng: MixedMaterials Chương của sách
KOHA link:https://koha.lib.tpu.ru/cgi-bin/koha/opac-detail.pl?biblionumber=437811

MARC

LEADER 00000naa2a2200000 4500
001 437811
005 20231101080659.0
035 |a (RuTPU)RU\TPU\prd\99042 
035 |a RU\TPU\tpu\3901 
090 |a 437811 
100 |a 20110210d1945 k |0rusy50 ca 
101 0 |a rus 
102 |a RU 
200 1 |a Разрушение хрупкого покрытия и гололеда на металлической поверхности при механических колебаниях  |f А. А. Воробьев, Н. Б. Богданова 
320 |a Библиогр.: 3 назв. 
461 0 |0 (RuTPU)RU\TPU\prd\452  |x 0044-4642  |t Журнал технической физики  |f Академия наук СССР (АН СССР)  |d 1931- 
463 0 |0 (RuTPU)RU\TPU\prd\99037  |t Т. 15, вып. 8  |v С. 574-576  |d 1945 
610 1 |a электротехника 
610 1 |a труды учёных ТПУ 
700 1 |a Воробьев  |b А. А.  |c российский физик  |c ректор Томского политехнического института, профессор  |f 1909-1981  |g Александр Акимович  |2 stltpush  |3 (RuTPU)RU\TPU\pers\12805  |4 070 
701 1 |a Богданова  |b Н. Б. 
801 0 |a RU  |b 63413507  |c 20011210  |g PSBO 
801 2 |a RU  |b 63413507  |c 20111117  |g PSBO 
942 |c BK